000 00595nam a2200181Ia 4500
008 100920s9999 xx 000 0 und d
082 _b59523
_a891.461 थ 93
100 _aप्रभुणे श्रीधर सिध्देश्वर.
245 _aप्रणयगंध.
260 _bगं्रथविशेष प्रतिष्ठान, सातारा.
_c1993
300 _a56
_bसाधी
365 _b30
520 _aपदय.
630 _aप्रणयगंध.
650 _aपदय.
730 _aप्रणयगंध.
942 _cBOOK
999 _c702934
_d702931